High-yield neuroanatomy (Record no. 31685)
[ view plain ]
| 000 -LEADER | |
|---|---|
| fixed length control field | 00776nam a2200193 a 4500 |
| 008 - FIXED-LENGTH DATA ELEMENTS--GENERAL INFORMATION | |
| fixed length control field | 111014s1995 ||||||||||||||||| || u |
| 020 ## - INTERNATIONAL STANDARD BOOK NUMBER | |
| International Standard Book Number | 0683032488 |
| 050 ## - LIBRARY OF CONGRESS CALL NUMBER | |
| Classification number | QM 451 Fix |
| 100 ## - MAIN ENTRY--PERSONAL NAME | |
| Personal name | Fix, James D |
| 245 10 - TITLE STATEMENT | |
| Title | High-yield neuroanatomy |
| Statement of responsibility, etc. | by James D. Fix |
| 260 ## - PUBLICATION, DISTRIBUTION, ETC. | |
| Place of publication, distribution, etc. | Baltimore: |
| Name of publisher, distributor, etc. | Williams and Wilkins |
| Date of publication, distribution, etc. | 1995 |
| 300 ## - PHYSICAL DESCRIPTION | |
| Extent | xiii, 111p. : ill. |
| 350 ## - | |
| -- | 0.00 |
| 650 ## - SUBJECT ADDED ENTRY--TOPICAL TERM | |
| Topical term or geographic name entry element | NERVOUS SYSTEM--ANATOMY AND HISTOLOGY--OUTLINES |
| 650 ## - SUBJECT ADDED ENTRY--TOPICAL TERM | |
| Topical term or geographic name entry element | NEUROANATOMY--OUTLINES, SYLLABI, ETC |
| 650 ## - SUBJECT ADDED ENTRY--TOPICAL TERM | |
| Topical term or geographic name entry element | BRAIN |
| 650 ## - SUBJECT ADDED ENTRY--TOPICAL TERM | |
| Topical term or geographic name entry element | NERVOUS SYSTEM--ANATOMY AND HISTOLOGY--EXAMINATION QUESTIONS |
| 995 ## - | |
| -- | MICHAEL CHILUFYA SATA OPEN ACCESS |
| -- | 0.00 |
| -- | 901124 |
| -- | CBU-SCHOOL OF MEDICINE LIBRARY (Ndola) |
| -- | 1 |
| -- | 0.00 |
| -- | QM 451 Fix |
| -- | 1 |
| -- | AVAILABLE |
| -- | Oct 14, 2011 |
| -- | 901124 |
| -- | Medical Library Open Access Collection |
| 999 ## - | |
| -- | 31685 |
| -- | 31685 |
| Withdrawn status | Lost status | Source of classification or shelving scheme | Damaged status | Not for loan | Permanent Location | Current Location | Shelving location | Date acquired | Total Checkouts | Full call number | Barcode | Date last seen | Price effective from | Koha item type |
|---|---|---|---|---|---|---|---|---|---|---|---|---|---|---|
| CBU-SCHOOL OF MEDICINE LIBRARY, NDOLA. | CBU-SCHOOL OF MEDICINE LIBRARY, NDOLA. | 11/30/2022 | QM 451 Fix | 901124 | 11/30/2022 | 11/30/2022 | MONOGRAPH |